60 Second Blitz: Monopoly (US) Quiz Stats

 Plays Quiz Updated Nov 14, 2018

Challenge
Share
Tweet
Embed
Score 0/28 Timer 01:00
1 Play Today
% Correct
Park Place
83.7%
Boardwalk
83.1%
Baltic Avenue
65.8%
Pennsylvania Railroad
56.2%
Pennsylvania Avenue
56.2%
Reading Railroad
54.9%
B&O Railroad
50.1%
Illinois Avenue
48.9%
Indiana Avenue
47.5%
New York Avenue
46.6%
Connecticut Avenue
43.1%
Marvin Gardens
43.1%
Kentucky Avenue
40.9%
St. James Place
38.9%
% Correct
Electric Company
36.1%
Water Works
35.5%
Tennessee Avenue
34.8%
Mediterranean Avenue
34.5%
St. Charles Place
34.3%
Oriental Avenue
33.5%
Vermont Avenue
33.3%
North Carolina Avenue
30.9%
Atlantic Avenue
30.7%
Virginia Avenue
30.4%
Short Line
27.1%
Ventnor Avenue
25.1%
Pacific Avenue
24.4%
States Avenue
16.7%

You're not logged in!

Compare scores with friends on all Sporcle quizzes.
OR
Log In

You Might Also Like...

Show Comments

Extras

Top Quizzes Today


Score Distribution

Your Account Isn't Verified!

In order to create a playlist on Sporcle, you need to verify the email address you used during registration. Go to your Sporcle Settings to finish the process.

Report this User

Report this user for behavior that violates our Community Guidelines.

Details: